The Hunter Call of the Wild Maps Reservate - Statistiken

Allgemein
  • Dieses Quiz wurde 88 mal gespielt
    40 seit der letzten Aktualisierung
  • Das Durchschnittsergebnis liegt bei 10 aus 17
Antwortstatistiken
Erscheinungsdatum Antwort % Korrekt
16.02.2017 Hirschfelden
96%
16.02.2017 Layton Lake District
84%
20.06.2023 Emerald Coast
80%
17.10.2017 Medved Taiga
80%
25.06.2019 Yukon Valley
76%
13.12.2018 Parque Fernando
64%
23.06.2020 Silver Ridge Peaks
64%
10.12.2019 Cuatro Colinas
56%
03.12.2024 Salzwiesen Park
56%
30.08.2018 Vurhonga Savanna
56%
28.06.2022 Revontuli Coast
52%
07.12.2021 Mississippi Acres
48%
06.12.2022 New England Mountains
48%
18.06.2024 Sundarpatan
44%
10.12.2020 Te Awaroa
44%
17.06.2025 Askiy Ridge
40%
29.06.2021 Rancho Del Arroyo
36%
Keine übereinstimmenden Quizze gefunden
Verteilung der Resultate
Anzahl Personen mit jedem Resultat
Perzentil nach korrekt beantworteten Fragen
Ihre Resultats-Entwicklung
Sie haben dieses Quiz seit der letzten Aktualisierung nicht gespielt